Central Library OPAC University of Rajshahi

Farm management economics / (Record no. 54579)

MARC details
000 -LEADER
fixed length control field 00699nam a2200241 a 4500
001 - CONTROL NUMBER
control field 54579
003 - CONTROL NUMBER IDENTIFIER
rucl marc code BD-RjUL
005 - DATE AND TIME OF LATEST TRANSACTION
control field 20211209080136.0
008 - FIXED-LENGTH DATA ELEMENTS--GENERAL INFORMATION
fixed length control field 161211s1961 nyua 001 0 eng
035 ## - SYSTEM CONTROL NUMBER
System control number (BD-RjUL)
040 ## - CATALOGING SOURCE
Original cataloging agency DLC
Transcribing agency GU
Modifying agency BD-RjUL
Language of cataloging eng
041 ## - LANGUAGE CODE
Language code of text/sound track or separate title eng
082 ## - DEWEY DECIMAL CLASSIFICATION NUMBER
Classification number 338.1
Edition number 23
Author mark and year KIF 1961
100 1# - MAIN ENTRY--PERSONAL NAME
Personal name Head, Earl O
9 (RLIN) 197522
245 10 - TITLE STATEMENT
Title Farm management economics /
Statement of responsibility, etc. Earl O Heady; Harald R Jensen
260 ## - PUBLICATION, DISTRIBUTION, ETC. (IMPRINT)
Place of publication, distribution, etc. Englewood Cliffs :
Name of publisher, distributor, etc. Prentice Hall,
Date of publication, distribution, etc. c1961
300 ## - PHYSICAL DESCRIPTION
Pagination 675 p. :
Illustrations ill. ;
Size 24 cm.
500 ## - GENERAL NOTE
General note Includes index
650 #0 - SUBJECT ADDED ENTRY--TOPICAL TERM
Topical term or geographic name as entry element Farm management.
9 (RLIN) 162796
Topical term or geographic name as entry element Agriculture--Economic aspects
9 (RLIN) 197523
700 ## - ADDED ENTRY--PERSONAL NAME
Personal name Jensen, Harald R
942 ## - ADDED ENTRY ELEMENTS (KOHA)
Source of classification or shelving scheme Dewey Decimal Classification
Koha item type Books
Holdings
Lost status Source of classification or shelving scheme Damaged status Not for loan Collection code Permanent Location Current Location Shelving location Date acquired Source of acquisition Cost, normal purchase price Total Checkouts Full call number Date last seen Copy number Koha item type
  Dewey Decimal Classification     Non-fiction Central Library, University of Rajshahi Central Library, University of Rajshahi   01/02/1963 Zeitlinger 56.00   338.1 HEF 1961 08/11/2016 C-2 Books
  Dewey Decimal Classification     Non-fiction Central Library, University of Rajshahi Central Library, University of Rajshahi   01/02/1963 Zeitlinger 56.00   338.1 KIF 1961 03/06/2017 C-3 Books